000 01004nas a2200313 4500
001 BR2015004295
003 BR-BrBNA
005 20231205125559.0
007 ta
008 230509b bl.|||p| |||| 00| 00por d
040 _aBR-BrBNA
_bpor
_cBiblioteca Nacional de Agricultura
041 _a(En)
072 _aC30; U40
100 1 _aJohann, J.A.
100 1 _aRocha, J.V.
100 1 _aOliveira, S.R. de M.
100 1 _aRodrigues, L.H.A.
100 1 _aLamparelli, R.A.C.
245 1 _aData mining techniques for identification of spectrally homogeneous areas using NDVI temporal profiles of soybean crop
650 _aPROGRAMA DE COMPUTADOR
650 _aBASE DE DADOS
650 _aSOJA
650 _aPRODUCAO AGRICOLA
650 _aANALISE
773 0 _tEngenharia Agrícola (Brazil)
_xISSN 1809-4430
_g(May-Jun 2013), v. 33(3) p. 511-524
_wBR2015004295
856 4 0 _uhttp://www.scielo.br/pdf/eagri/v33n3/08.pdf
909 _a202311
_bLúcia
_c55
_dLúcia Elande
942 _2AGRIS
_n0
_cANA
999 _c245022
_d245022